[Event "Africa-ch"]
[Site "Maputo MOZ"]
[Date "2011.06.04"]
[Round "1"]
[White "Amin, Bassem"]
[Black "Niazi, Nehad"]
[Result "1-0"]
[WhiteElo "2596"]
[BlackElo "2216"]
[EventDate "2011.06.04"]
[PlyCount "99"]

1.e4 c6 2.d4 d5 3.exd5 cxd5 4.c4 Nf6 5.Nc3 g6 6.Qb3 Bg7 7.cxd5 O-O 8.Be2 
Na6 9.Bf3 Qb6 10.Nge2 Qxb3 11.axb3 Nb4 12.O-O Rd8 13.Ra5 h6 14.h4 Nd3 15.
Be3 b6 16.Raa1 Bg4 17.d6 Bxf3 18.dxe7 Rd7 19.gxf3 Re8 20.Na2 Nd5 21.Rad1 
N3b4 22.Nxb4 Nxb4 23.h5 Nd5 24.hxg6 fxg6 25.Nc3 Nxe7 26.Rd3 Red8 27.Rfd1 
Nc6 28.Kg2 g5 29.Ne2 Nb4 30.R3d2 Nd5 31.Nc3 Ne7 32.f4 gxf4 33.Bxf4 Kh7 34.
Be3 Nf5 35.d5 Be5 36.Ne4 Rf7 37.Rd3 Bxb2 38.Ng3 Nd6 39.Rh1 Rf6 40.Bg5 Rg8 
41.Bxf6 Bxf6 42.Re3 Nf5 43.Re6 Bh4 44.Rh3 Bxg3 45.fxg3 Rd8 46.d6 Kg7 47.g4
Nxd6 48.Rd3 Nf7 49.Rxd8 Nxd8 50.Re7+ 1-0

[Event "Africa-ch"]
[Site "Maputo MOZ"]
[Date "2011.06.04"]
[Round "1"]
[White "Chumfwa, Stanley"]
[Black "Seraoui, Mohcen"]
[Result "1-0"]
[WhiteElo "2340"]
[BlackElo "2099"]
[EventDate "2011.06.04"]
[PlyCount "79"]

1.e4 d6 2.d4 Nf6 3.Nc3 e5 4.Nf3 Nbd7 5.Bc4 Be7 6.O-O O-O 7.Re1 c6 8.a4 a5 
9.h3 h6 10.Ba2 Re8 11.Be3 Bf8 12.Nd2 exd4 13.Bxd4 d5 14.Qf3 Ne5 15.Bxe5 
Rxe5 16.exd5 Rf5 17.Qd3 cxd5 18.g4 Rf4 19.Nxd5 Nxd5 20.Bxd5 Qh4 21.Ne4 
Bxg4 22.hxg4 Bc5 23.Re3 Bxe3 24.Qxe3 Rxg4+ 25.Ng3 Qg5 26.Qxg5 Rxg5 27.c4 
Re8 28.Kf1 b6 29.Ra3 Re7 30.Rb3 Rg6 31.Nf5 Rc7 32.Ke2 Rf6 33.Rf3 Kh7 34.
Kd3 g6 35.Nd4 Rxf3+ 36.Bxf3 Kg7 37.Nc6 Rd7+ 38.Ke3 h5 39.b3 f5 40.c5 1-0

[Event "Africa-ch"]
[Site "Maputo MOZ"]
[Date "2011.06.04"]
[Round "1"]
[White "El-Taher, Fouad"]
[Black "Domingos, Ediberto"]
[Result "1/2-1/2"]
[WhiteElo "2486"]
[BlackElo "2201"]
[EventDate "2011.06.04"]
[PlyCount "65"]

1.e4 e6 2.d4 d5 3.Nc3 h6 4.Nf3 Nf6 5.Bd3 Bb4 6.exd5 exd5 7.O-O O-O 8.h3 
Nc6 9.Bf4 Bd6 10.Be5 Be6 11.Re1 Nb4 12.Ne2 Nxd3 13.Qxd3 c6 14.Nf4 Re8 15.
Re2 Ne4 16.c4 Bxe5 17.dxe5 Qa5 18.cxd5 cxd5 19.Nd4 Rad8 20.f3 Nc5 21.Qe3 
Bc8 22.a3 Ne6 23.Nfxe6 fxe6 24.Rc1 Bd7 25.Nb3 Qb5 26.Rc7 Bc6 27.Nd4 Qb6 
28.Nxc6 Qxc7 29.Nxd8 Rxd8 30.Qxa7 d4 31.Kf2 d3 32.Rd2 Qxe5 33.Qe3 1/2-1/2

[Event "Africa-ch"]
[Site "Maputo MOZ"]
[Date "2011.06.04"]
[Round "1"]
[White "Roberto Soares, Erikson"]
[Black "Ezat, Mohamed"]
[Result "0-1"]
[WhiteElo "2196"]
[BlackElo "2453"]
[EventDate "2011.06.04"]
[PlyCount "79"]

1.d4 Nf6 2.c4 g6 3.Nc3 Bg7 4.e4 d6 5.f3 O-O 6.Be3 Nc6 7.Qd2 a6 8.g4 e5 9.
d5 Nd4 10.Nce2 Bxg4 11.Nxd4 exd4 12.Bxd4 Bd7 13.Ne2 Nh5 14.O-O-O Bxd4 15.
Nxd4 Qh4 16.Rg1 f5 17.Bd3 fxe4 18.Bxe4 Qf4 19.Ne6 Bxe6 20.dxe6 Rab8 21.Kb1
Qxd2 22.Rxd2 Nf6 23.c5 Nxe4 24.fxe4 dxc5 25.Rd7 Rbe8 26.Rxc7 Rxe6 27.Rd1 
Rf7 28.Rd8+ Kg7 29.Rdd7 Rxd7 30.Rxd7+ Kh6 31.Rxb7 Rxe4 32.Rb6 a5 33.Ra6 a4
34.Ra5 Rc4 35.b3 axb3 36.axb3 Rb4 37.Rxc5 Rxb3+ 38.Kc1 Rd3 39.Rc2 Kg5 40.
Rd2 0-1

[Event "Africa-ch"]
[Site "Maputo MOZ"]
[Date "2011.06.04"]
[Round "1"]
[White "Haddouche, Mohamed"]
[Black "Paiva, Donaldo"]
[Result "1-0"]
[WhiteElo "2398"]
[BlackElo "2121"]
[EventDate "2011.06.04"]
[PlyCount "53"]

1.e4 c5 2.Nf3 d6 3.d4 cxd4 4.Nxd4 Nf6 5.Nc3 a6 6.Be2 e5 7.Nb3 Be7 8.O-O 
O-O 9.Kh1 Be6 10.f4 exf4 11.Bxf4 Nc6 12.Qe1 Ne5 13.Rd1 Qc7 14.Qg3 b5 15.
Nd4 Rfd8 16.a3 Ng6 17.Bg5 Rac8 18.Nf5 Bxf5 19.exf5 Nf8 20.Bh6 g6 21.fxg6 
fxg6 22.Bg5 N8d7 23.Bg4 Rf8 24.Bxf6 Rxf6 25.Nd5 Rxf1+ 26.Rxf1 Qd8 27.Qh3 
1-0

[Event "Africa-ch"]
[Site "Maputo MOZ"]
[Date "2011.06.04"]
[Round "1"]
[White "Moyo, Dion"]
[Black "Belouadah, Saad"]
[Result "1/2-1/2"]
[WhiteElo "2109"]
[BlackElo "2342"]
[EventDate "2011.06.04"]
[PlyCount "166"]

1.e4 c5 2.Nf3 d6 3.d4 cxd4 4.Nxd4 Nf6 5.Nc3 a6 6.Bg5 Nbd7 7.f4 e6 8.Qf3 
Qc7 9.O-O-O b5 10.e5 Bb7 11.Qh3 dxe5 12.Nxe6 Qc6 13.Nxf8 Nxf8 14.Re1 N6d7 
15.fxe5 Ne6 16.Bd2 Rc8 17.a3 Ndc5 18.Rg1 O-O 19.Be2 Nd4 20.Bf3 Qg6 21.Bd1 
Ndb3+ 22.cxb3 Nd3+ 23.Kb1 Nxe1+ 24.Ka2 Nc2 25.Bg4 Nd4 26.Bxc8 Bxc8 27.Qe3 
Rd8 28.Qg5 Qxg5 29.Bxg5 Re8 30.Rd1 Nc6 31.Bf4 Be6 32.Rd6 Na5 33.Rxa6 Bxb3+
34.Kb1 Nc4 35.Nxb5 g5 36.Bg3 Nxe5 37.Nd6 Re6 38.Ra5 f6 39.Rb5 Ba4 40.Rb8+ 
Kg7 41.Nf5+ Kg6 42.Nd4 Rd6 43.Rb4 Bd7 44.a4 Rd5 45.Nb5 Nd3 46.Rd4 Rxd4 47.
Nxd4 Bxa4 48.b3 Bd7 49.Kc2 Nc5 50.b4 Ne6 51.Nxe6 Bxe6 52.Bc7 Bd5 53.g3 Kf5
54.Kd2 Kg4 55.Ke3 f5 56.Kf2 h6 57.b5 Kh3 58.Kg1 Bb7 59.b6 Be4 60.Be5 Kg4 
61.Bg7 h5 62.Bf6 Bb7 63.Kf2 f4 64.gxf4 Kxf4 65.Bd8 Bc6 66.Bc7+ Kg4 67.Bd6 
Kh3 68.Bc7 h4 69.Bd6 g4 70.Bc7 Bb7 71.Bd6 Ba6 72.Bc7 Bc8 73.Bd6 Bb7 74.Bc7
g3+ 75.Bxg3 hxg3+ 76.hxg3 Kg4 77.Ke3 Kxg3 78.Kd4 Kf4 79.Kc4 Ke5 80.Kc5 Ke6
81.Kc4 Kd6 82.Kd4 Kc6 83.Ke5 Kxb6 1/2-1/2

[Event "Africa-ch"]
[Site "Maputo MOZ"]
[Date "2011.06.04"]
[Round "1"]
[White "Mucongoma Macone, Miguel"]
[Black "Adly, Ahmed"]
[Result "0-1"]
[WhiteElo "2240"]
[BlackElo "2630"]
[EventDate "2011.06.04"]
[PlyCount "70"]

1.Nf3 c5 2.c4 Nf6 3.g3 b6 4.Bg2 Bb7 5.O-O g6 6.b3 Bg7 7.Bb2 O-O 8.e3 d5 9.
d3 Nc6 10.Qe2 Qc7 11.Na3 Rad8 12.Rfd1 e5 13.Rac1 Rfe8 14.Nc2 Qb8 15.h3 Qa8
16.Nfe1 Rd7 17.Kh2 h5 18.Rb1 Red8 19.a3 Qb8 20.Kg1 Qd6 21.cxd5 Nxd5 22.d4 
exd4 23.exd4 Nxd4 24.Nxd4 Bxd4 25.Nf3 Re7 26.Qc4 b5 27.Qxb5 Ba6 28.Qa4 
Bxf2+ 29.Kh1 Be2 30.Rxd5 Qxd5 31.Nd4 Qd6 32.Nc6 Bxg3 33.Nxd8 Qxd8 34.Bf6 
Qd3 35.Rg1 Re6 0-1

[Event "Africa-ch"]
[Site "Maputo MOZ"]
[Date "2011.06.04"]
[Round "1"]
[White "Solomon, Kenny"]
[Black "Alice Mateus, Felizardo Viageiro"]
[Result "1-0"]
[WhiteElo "2433"]
[BlackElo "2190"]
[EventDate "2011.06.04"]
[PlyCount "79"]

1.Nf3 d5 2.d4 Nf6 3.c4 c6 4.e3 g6 5.Nc3 Bg7 6.Be2 O-O 7.O-O Bg4 8.cxd5 
cxd5 9.Qb3 b6 10.Bd2 Nc6 11.Rfc1 Na5 12.Qd1 e6 13.b3 Nb7 14.Nb5 Bxf3 15.
gxf3 a5 16.Rc6 Ne8 17.Bc1 Kh8 18.Ba3 Rg8 19.e4 Bh6 20.Bc1 Bxc1 21.Qxc1 g5 
22.e5 Ng7 23.Rc7 Rc8 24.Qc6 Rxc7 25.Nxc7 Nf5 26.Rd1 g4 27.fxg4 Qh4 28.Rd3 
Nd8 29.Qd7 h5 30.h3 Qg5 31.Ne8 Qc1+ 32.Rd1 Qb2 33.Qxd8 Qxe2 34.Qf6+ Rg7 
35.Rf1 hxg4 36.Nxg7 Nxg7 37.Qh6+ Kg8 38.Rc1 Qa6 39.hxg4 b5 40.Rc3 1-0

[Event "Africa-ch"]
[Site "Maputo MOZ"]
[Date "2011.06.05"]
[Round "2"]
[White "Aderito, Pedro"]
[Black "Roberto Soares, Erikson"]
[Result "1/2-1/2"]
[WhiteElo "2339"]
[BlackElo "2196"]
[EventDate "2011.06.04"]
[PlyCount "57"]

1.Nf3 d5 2.d4 Nf6 3.g3 g6 4.Bg2 Bg7 5.O-O O-O 6.c4 dxc4 7.Na3 Nc6 8.Nxc4 
Be6 9.b3 a5 10.a4 Bd5 11.Bb2 Rb8 12.Ne3 Be4 13.Ne1 Bxg2 14.N1xg2 Nd5 15.
Nxd5 Qxd5 16.Nf4 Qe4 17.e3 e5 18.dxe5 Bxe5 19.Qd3 Qxd3 20.Nxd3 Bxb2 21.
Nxb2 Ne5 22.Rfd1 Rfd8 23.Kg2 Kf8 24.Rac1 c6 25.Rd4 f6 26.h3 Ke7 27.Nc4 
Nxc4 28.bxc4 Rxd4 29.exd4 1/2-1/2

[Event "Africa-ch"]
[Site "Maputo MOZ"]
[Date "2011.06.05"]
[Round "2"]
[White "Adly, Ahmed"]
[Black "Haddouche, Mohamed"]
[Result "1-0"]
[WhiteElo "2630"]
[BlackElo "2398"]
[EventDate "2011.06.04"]
[PlyCount "79"]

1.Nf3 Nf6 2.g3 g6 3.Bg2 Bg7 4.O-O O-O 5.c4 c6 6.Nc3 d5 7.d4 Ne4 8.Qb3 dxc4
9.Qxc4 Bf5 10.a4 Nd6 11.Qb3 Be6 12.Qd1 Na6 13.Ng5 Bc8 14.e4 c5 15.d5 h6 
16.Nf3 e5 17.Qe2 Bd7 18.Be3 c4 19.Nd2 Qc7 20.Rfc1 Rfc8 21.Nb5 Bxb5 22.axb5
Nxb5 23.Bh3 Rd8 24.Nxc4 Nd4 25.Qd1 Nb4 26.Ra4 Nbc2 27.Rxc2 Nxc2 28.Qxc2 b5
29.Rb4 bxc4 30.Rxc4 Qa5 31.Rc7 Qa1+ 32.Kg2 Qa6 33.Rxf7 Kxf7 34.Be6+ Kf6 
35.Qc7 Rf8 36.Bf4 exf4 37.Qxf4+ Ke7 38.Qc7+ Kf6 39.e5+ Kg5 40.Qc1+ 1-0

[Event "Africa-ch"]
[Site "Maputo MOZ"]
[Date "2011.06.05"]
[Round "2"]
[White "Alice Mateus, Felizardo Viageiro"]
[Black "Jere, Daniel"]
[Result "0-1"]
[WhiteElo "2190"]
[BlackElo "2320"]
[EventDate "2011.06.04"]
[PlyCount "100"]

1.e4 e6 2.Qe2 c5 3.Nf3 Nc6 4.g3 g6 5.Bg2 Bg7 6.O-O Nge7 7.d3 O-O 8.c3 d5 
9.e5 b5 10.Bf4 a5 11.Na3 Ba6 12.Nc2 h6 13.h4 Nf5 14.Rfe1 b4 15.Qd2 Kh7 16.
d4 bxc3 17.bxc3 cxd4 18.cxd4 Rb8 19.Reb1 Qe7 20.Ne3 Nxe3 21.Bxe3 Qa3 22.
Qc1 Qa4 23.Qd2 Bc4 24.Rxb8 Rxb8 25.Nh2 Nb4 26.Ng4 h5 27.Nf6+ Bxf6 28.exf6 
Qc2 29.Qe1 Qf5 30.Qc3 Nc2 31.Bh3 Qd3 32.Qxd3 Bxd3 33.Rd1 Be4 34.Bf1 a4 35.
a3 Rb3 36.Bf4 Nxa3 37.Ra1 Bd3 38.Rc1 Nc4 39.Bxd3 Rxd3 40.Rb1 Rb3 41.Ra1 a3
42.Kf1 Rd3 43.Ke2 Rxd4 44.Rb1 Nb2 45.Bd6 Nc4 46.Bf8 a2 47.Ra1 Rd2+ 48.Kf3 
Rc2 49.Bb4 g5 50.hxg5 Kg6 0-1

[Event "Africa-ch"]
[Site "Maputo MOZ"]
[Date "2011.06.05"]
[Round "2"]
[White "Belouadah, Saad"]
[Black "El-Taher, Fouad"]
[Result "1/2-1/2"]
[WhiteElo "2342"]
[BlackElo "2486"]
[EventDate "2011.06.04"]
[PlyCount "69"]

1.Nf3 Nf6 2.g3 g6 3.Bg2 Bg7 4.O-O O-O 5.c4 d6 6.Nc3 e5 7.d3 Nc6 8.Ne1 Be6 
9.Nc2 d5 10.cxd5 Nxd5 11.Ne3 Nde7 12.Bd2 Rb8 13.Ne4 Nd4 14.Nc5 Bc8 15.Rc1 
b6 16.Nb3 Be6 17.Nxd4 exd4 18.Nc4 Bd5 19.Bg5 f6 20.Bd2 Bxg2 21.Kxg2 Re8 
22.Kg1 Nd5 23.e4 dxe3 24.Nxe3 Nxe3 25.Bxe3 f5 26.Rc6 Qd5 27.Rxc7 Qxa2 28.
Qc2 Be5 29.Rc6 Qd5 30.b3 Rbd8 31.Rd1 Qf3 32.Rc1 Qd5 33.Qc4 Kg7 34.d4 Qxc4 
35.bxc4 1/2-1/2

[Event "Africa-ch"]
[Site "Maputo MOZ"]
[Date "2011.06.05"]
[Round "2"]
[White "Chumfwa, Stanley"]
[Black "Amin, Bassem"]
[Result "1/2-1/2"]
[WhiteElo "2340"]
[BlackElo "2596"]
[EventDate "2011.06.04"]
[PlyCount "119"]

1.e4 e5 2.Nf3 Nc6 3.Bb5 a6 4.Ba4 Nf6 5.O-O Be7 6.Re1 b5 7.Bb3 O-O 8.c3 d6 
9.h3 Nb8 10.d4 Nbd7 11.Nbd2 Bb7 12.Bc2 Re8 13.Nf1 Bf8 14.Ng3 g6 15.a4 c5 
16.d5 c4 17.Bg5 h6 18.Be3 Nc5 19.Qd2 h5 20.Bxc5 dxc5 21.Bd1 Nd7 22.h4 Qf6 
23.Be2 Nb6 24.axb5 axb5 25.b3 Qf4 26.bxc4 Qxd2 27.Nxd2 b4 28.cxb4 cxb4 29.
Nb3 Na4 30.Nf1 Nc3 31.Bd3 Ra3 32.Rxa3 bxa3 33.c5 Nxd5 34.exd5 Bxd5 35.Na1 
Bxc5 36.Ne3 Be6 37.Bc4 Bxc4 38.Nxc4 a2 39.Re2 Bd4 40.Rxa2 Rc8 41.Nd6 Rc1+ 
42.Kh2 Rxa1 43.Rxa1 Bxa1 44.g3 Kf8 45.Kg2 Ke7 46.Ne4 Bd4 47.Nd2 Ke6 48.Nf1
Kd5 49.Kf3 e4+ 50.Ke2 Bb6 51.f3 Bg1 52.fxe4+ Kxe4 53.Nd2+ Kd5 54.Kf3 f5 
55.Kf4 Ke6 56.Nf3 Bf2 57.Kg5 Bxg3 58.Kxg6 f4 59.Kg5 Kd5 60.Kxh5 1/2-1/2

[Event "Africa-ch"]
[Site "Maputo MOZ"]
[Date "2011.06.05"]
[Round "2"]
[White "Domingos, Ediberto"]
[Black "Moyo, Dion"]
[Result "1-0"]
[WhiteElo "2201"]
[BlackElo "2109"]
[EventDate "2011.06.04"]
[PlyCount "79"]

1.d4 Nf6 2.c4 g6 3.Nf3 Bg7 4.g3 O-O 5.Bg2 d6 6.O-O Nc6 7.Nc3 e5 8.dxe5 
Nxe5 9.Qb3 Nxf3+ 10.Bxf3 Nd7 11.Be3 Ne5 12.Bg2 Be6 13.Bd5 Bxd5 14.cxd5 Qc8
15.Kg2 c5 16.dxc6 bxc6 17.Qa4 Qb7 18.b3 d5 19.Rac1 Rfd8 20.Bf4 Nd7 21.Nxd5
cxd5 22.Rc7 Qb6 23.Rxd7 Rxd7 24.Qxd7 Rd8 25.Qa4 h6 26.Rc1 Qe6 27.Qb5 g5 
28.Bd2 Re8 29.Qd3 Bf6 30.e3 h5 31.h3 g4 32.hxg4 Qxg4 33.Qxd5 Rd8 34.Qc6 h4
35.Qxf6 h3+ 36.Kh2 Rxd2 37.Rc7 Qe6 38.Qxe6 Rxf2+ 39.Kxh3 fxe6 40.Rxa7 1-0

[Event "Africa-ch"]
[Site "Maputo MOZ"]
[Date "2011.06.05"]
[Round "2"]
[White "El-Gindy, Essam"]
[Black "Steel, Henry"]
[Result "1-0"]
[WhiteElo "2506"]
[BlackElo "2328"]
[EventDate "2011.06.04"]
[PlyCount "141"]

1.d4 Nf6 2.c4 g6 3.Nc3 Bg7 4.e4 O-O 5.f4 d6 6.Nf3 c5 7.d5 e6 8.dxe6 Bxe6 
9.Bd3 Nc6 10.f5 Bd7 11.O-O Qb6 12.Qe1 Rae8 13.Qh4 Nd4 14.Bg5 d5 15.Bh6 
dxe4 16.Bxg7 Kxg7 17.Nxe4 Nxe4 18.Nxd4 Qxb2 19.f6+ Kh8 20.Nb3 Bc6 21.Rf3 
Re5 22.Bxe4 Bxe4 23.Rf2 Qc3 24.Qh6 Rg8 25.Rc1 Qb4 26.Qf4 Ree8 27.Re2 Bc6 
28.Re7 Ref8 29.Qc7 Qb6 30.Qe5 Qd8 31.Qxc5 g5 32.Qd4 Rg6 33.Rf1 Qc8 34.Na5 
Kg8 35.Qc5 Qd8 36.Nxc6 bxc6 37.Rxa7 Rxf6 38.Qxg5+ Rg6 39.Qxd8 Rxd8 40.
Rfxf7 Rd1+ 41.Rf1 Rd2 42.g3 Rc2 43.Rd1 Rf6 44.Rd8+ Rf8 45.Rxf8+ Kxf8 46.
Rxh7 Rxc4 47.Ra7 Rc2 48.a4 c5 49.h4 c4 50.Rc7 c3 51.a5 Ra2 52.Rxc3 Rxa5 
53.Kg2 Kg7 54.g4 Ra6 55.Kg3 Kh6 56.h5 Rb6 57.Kh4 Rb4 58.Rc6+ Kh7 59.Re6 
Kg7 60.h6+ Kh7 61.Kh5 Rb5+ 62.g5 Ra5 63.Re7+ Kg8 64.Kg6 Ra6+ 65.Kf5 Ra5+ 
66.Re5 Ra6 67.g6 Ra8 68.Rd5 Re8 69.Kf6 Kh8 70.Kf7 Rf8+ 71.Ke7 1-0

[Event "Africa-ch"]
[Site "Maputo MOZ"]
[Date "2011.06.05"]
[Round "2"]
[White "Makoto, Rodwell"]
[Black "Solomon, Kenny"]
[Result "0-1"]
[WhiteElo "2157"]
[BlackElo "2433"]
[EventDate "2011.06.04"]
[PlyCount "100"]

1.d4 g6 2.Nf3 Bg7 3.g3 d6 4.c4 Nd7 5.Nc3 e5 6.Bg2 Ne7 7.O-O O-O 8.e4 exd4 
9.Nxd4 Nc6 10.Nde2 a5 11.Rb1 Nc5 12.Be3 Bg4 13.h3 Be6 14.b3 Qd7 15.Bxc5 
dxc5 16.Qxd7 Bxd7 17.Nd5 Rac8 18.f4 Rfe8 19.Rbd1 Be6 20.e5 Kh8 21.Rd2 a4 
22.Nec3 axb3 23.axb3 Nd4 24.Ra2 Bf5 25.Ra7 c6 26.Ne3 Rb8 27.g4 Bc8 28.Ne4 
Nxb3 29.Nd6 Rf8 30.g5 Nd4 31.Kf2 Kg8 32.Rb1 b5 33.Rc7 Ne6 34.Rxc6 Bd7 35.
Ra6 Nxf4 36.cxb5 Bxe5 37.Nec4 Bxd6 38.Nxd6 Bxh3 39.Bc6 Nd3+ 40.Kg3 Be6 41.
Ne4 Nb4 42.Nxc5 Nxa6 43.Nxa6 Rb6 44.Nc5 Rc8 45.Rd1 Rxb5 46.Nxe6 Rb3+ 47.
Kf4 fxe6 48.Bd7 Rf8+ 49.Ke5 Rf5+ 50.Kxe6 Rb6+ 0-1

[Event "Africa-ch"]
[Site "Maputo MOZ"]
[Date "2011.06.05"]
[Round "2"]
[White "Niazi, Nehad"]
[Black "Phiri, Richmond"]
[Result "1-0"]
[WhiteElo "2216"]
[BlackElo "2165"]
[EventDate "2011.06.04"]
[PlyCount "57"]

1.d4 Nf6 2.c4 e6 3.Nf3 b6 4.a3 Bb7 5.Nc3 d5 6.cxd5 Nxd5 7.Qc2 Nxc3 8.bxc3 
Be7 9.e4 O-O 10.Bd3 c5 11.O-O Qc8 12.Qe2 cxd4 13.cxd4 Ba6 14.Rd1 Bxd3 15.
Rxd3 Nd7 16.e5 Qc4 17.Bg5 Bxg5 18.Nxg5 Rac8 19.Rad1 Rfd8 20.h4 h6 21.Ne4 
Qd5 22.Rg3 Rc4 23.Qg4 g6 24.h5 g5 25.Nxg5 Nxe5 26.Qf4 Kf8 27.Nh7+ Ke7 28.
Qh4+ f6 29.Rg7+ 1-0

[Event "Africa-ch"]
[Site "Maputo MOZ"]
[Date "2011.06.05"]
[Round "2"]
[White "Paiva, Donaldo"]
[Black "Njili, Kamel"]
[Result "1-0"]
[WhiteElo "2121"]
[BlackElo "2305"]
[EventDate "2011.06.04"]
[PlyCount "69"]

1.d4 Nf6 2.c4 e6 3.Nc3 Bb4 4.e3 O-O 5.Bd3 d5 6.Nf3 c5 7.O-O dxc4 8.Bxc4 
Nbd7 9.Qe2 Nb6 10.Bb3 cxd4 11.exd4 Nbd5 12.Bd2 Ba5 13.Ne5 Bb6 14.Rfd1 h6 
15.Nxd5 Nxd5 16.Qg4 Nf6 17.Qg3 Ne4 18.Qf4 Nxd2 19.Rxd2 Qg5 20.Qxg5 hxg5 
21.d5 Bc7 22.d6 Ba5 23.Rd3 b5 24.Nc6 Bd8 25.Ne7+ Bxe7 26.dxe7 Re8 27.Rd8 
Bb7 28.Rad1 g6 29.R1d7 Bc6 30.Rc7 Bd5 31.Bxd5 Raxd8 32.exd8=Q Rxd8 33.Bb3 
a5 34.Kf1 Rd2 35.Rc2 1-0

[Event "Africa-ch"]
[Site "Maputo MOZ"]
[Date "2011.06.05"]
[Round "2"]
[White "Seraoui, Mohcen"]
[Black "Mucongoma Macone, Miguel"]
[Result "1/2-1/2"]
[WhiteElo "2099"]
[BlackElo "2240"]
[EventDate "2011.06.04"]
[PlyCount "40"]

1.e4 c6 2.d4 d5 3.exd5 cxd5 4.c4 Nf6 5.Nc3 e6 6.Nf3 Be7 7.cxd5 Nxd5 8.Bd3 
Nc6 9.O-O O-O 10.a3 Bf6 11.Bc2 Re8 12.Ne4 Be7 13.Re1 Nf6 14.Bg5 Nxe4 15.
Bxe7 Nxe7 16.Bxe4 Nd5 17.Ne5 Nf6 18.Qd3 Nxe4 19.Qxe4 Qd5 20.Qxd5 exd5 
1/2-1/2

[Event "Africa-ch"]
[Site "Maputo MOZ"]
[Date "2011.06.06"]
[Round "3"]
[White "Amin, Bassem"]
[Black "Domingos, Ediberto"]
[Result "1-0"]
[WhiteElo "2596"]
[BlackElo "2201"]
[EventDate "2011.06.04"]
[PlyCount "89"]

1.e4 c5 2.Nf3 d6 3.g3 Nf6 4.c3 Nc6 5.d3 g6 6.Bg2 Bg7 7.O-O O-O 8.Re1 e5 9.
a3 h6 10.b4 a6 11.Bb2 Be6 12.Nbd2 Re8 13.Nf1 Qd7 14.Ne3 b6 15.Rb1 Rad8 16.
Nd2 b5 17.Nd5 Ne7 18.c4 Nc6 19.bxc5 dxc5 20.f4 Bg4 21.Qc2 Nd4 22.Bxd4 cxd4
23.Nxf6+ Bxf6 24.f5 Bg5 25.h3 Be3+ 26.Kh1 Bh5 27.g4 Bxg4 28.hxg4 Qe7 29.
Nf3 h5 30.g5 Rc8 31.Bh3 Rc7 32.Rb4 f6 33.Nh4 fxg5 34.Nxg6 Qf6 35.Qa2 g4 
36.cxb5+ Kh7 37.Bf1 axb5 38.Rxb5 Rg7 39.Qh2 Rxg6 40.fxg6+ Kxg6 41.Reb1 Re6
42.a4 Bf4 43.Qf2 Qf8 44.a5 Re7 45.Qh4 1-0

[Event "Africa-ch"]
[Site "Maputo MOZ"]
[Date "2011.06.06"]
[Round "3"]
[White "El-Taher, Fouad"]
[Black "Chumfwa, Stanley"]
[Result "1/2-1/2"]
[WhiteElo "2486"]
[BlackElo "2340"]
[EventDate "2011.06.04"]
[PlyCount "81"]

1.e4 c5 2.Nf3 d6 3.d4 cxd4 4.Nxd4 Nf6 5.Nc3 a6 6.h3 e5 7.Nde2 Be6 8.g4 
Nbd7 9.Bg2 Nb6 10.a4 Be7 11.O-O O-O 12.Ng3 d5 13.exd5 Nfxd5 14.Nxd5 Nxd5 
15.Nf5 Bc5 16.Qd3 Nf4 17.Bxf4 Qxd3 18.cxd3 exf4 19.Rfc1 Bxf5 20.Rxc5 Bxd3 
21.Bxb7 Rad8 22.Rd1 g6 23.b4 Be2 24.Re1 Rfe8 25.Kh2 Kg7 26.Rc2 Bd3 27.Rxe8
Rxe8 28.Rd2 Rb8 29.Bd5 Bf1 30.Rd1 Be2 31.Re1 Bd3 32.Re7 Kf6 33.Rxf7+ Ke5 
34.Bb7 g5 35.f3 Kd4 36.b5 axb5 37.a5 Re8 38.Rd7+ Kc3 39.a6 Re2+ 40.Kg1 
Re1+ 41.Kf2 1/2-1/2

[Event "Africa-ch"]
[Site "Maputo MOZ"]
[Date "2011.06.06"]
[Round "3"]
[White "Roberto Soares, Erikson"]
[Black "Seraoui, Mohcen"]
[Result "1/2-1/2"]
[WhiteElo "2196"]
[BlackElo "2099"]
[EventDate "2011.06.04"]
[PlyCount "192"]

1.Nf3 c5 2.g3 b6 3.Bg2 Bb7 4.c4 Nf6 5.Nc3 e6 6.O-O Be7 7.Re1 g6 8.e4 d6 9.
d4 cxd4 10.Nxd4 Qc7 11.Bg5 Nbd7 12.Bxf6 Nxf6 13.e5 dxe5 14.Bxb7 Qxb7 15.
Qf3 Qxf3 16.Nxf3 Nd7 17.Nxe5 Nxe5 18.Rxe5 O-O 19.Na4 Rfb8 20.Nc3 Bf6 21.
Re2 Rc8 22.Na4 Rab8 23.c5 bxc5 24.Rc1 Bd4 25.Rec2 Rb4 26.b3 Rb5 27.Rc4 e5 
28.b4 a5 29.a3 f6 30.R1c2 Kf7 31.Nc3 Bxc3 32.R2xc3 axb4 33.axb4 Ke6 34.
bxc5 Kd5 35.c6 Rc7 36.Rc1 Rb6 37.Ra4 Rbxc6 38.Rxc6 Kxc6 39.Kg2 Kd5 40.Ra8 
Ke4 41.Ra4+ Kf5 42.Ra5 g5 43.h3 h5 44.Ra8 g4 45.Rh8 Kg6 46.hxg4 hxg4 47.
Ra8 f5 48.Rg8+ Kf6 49.Ra8 f4 50.gxf4 exf4 51.Rg8 Rg7 52.Rf8+ Kg5 53.Ra8 
Rg6 54.Rb8 Rh6 55.Rg8+ Kf5 56.Rf8+ Rf6 57.Ra8 Rd6 58.Rf8+ Ke4 59.Re8+ Kf5 
60.Rf8+ Rf6 61.Ra8 Rf7 62.Rb8 Kf6 63.Rg8 Rg7 64.Ra8 Kg5 65.Rb8 Rh7 66.Rg8+
Kh4 67.Rg6 Ra7 68.Rh6+ Kg5 69.Rh8 Rg7 70.Ra8 Kf5 71.Rf8+ Ke4 72.Re8+ Kd3 
73.Rd8+ Ke4 74.Re8+ Kf5 75.Rf8+ Kg5 76.Rh8 Rg6 77.Ra8 Kf6 78.Rf8+ Ke5 79.
Re8+ Kf5 80.Rf8+ Kg5 81.Ra8 Rh6 82.Rg8+ Kh4 83.Rg7 Rh8 84.Rg6 Ra8 85.Rg7 
Ra2 86.Rh7+ Kg5 87.Rg7+ Kh5 88.Rf7 Ra4 89.Rf8 Kg5 90.Rg8+ Kf5 91.Rf8+ Ke5 
92.Rg8 g3 93.fxg3 Ra2+ 94.Kf3 Ra3+ 95.Kf2 fxg3+ 96.Rxg3 Rxg3 1/2-1/2

[Event "Africa-ch"]
[Site "Maputo MOZ"]
[Date "2011.06.06"]
[Round "3"]
[White "Ezat, Mohamed"]
[Black "Adly, Ahmed"]
[Result "1/2-1/2"]
[WhiteElo "2453"]
[BlackElo "2630"]
[EventDate "2011.06.04"]
[PlyCount "80"]

1.d4 Nf6 2.c4 b5 3.cxb5 a6 4.e3 Bb7 5.Nf3 e6 6.Nc3 Be7 7.Bd3 axb5 8.Bxb5 
O-O 9.O-O c5 10.Qe2 Nc6 11.Rd1 cxd4 12.exd4 Nb4 13.Ne5 d6 14.Nd3 Nbd5 15.
Nxd5 Nxd5 16.Nf4 Qb6 17.Nxd5 Bxd5 18.Bc4 Bxc4 19.Qxc4 Rfc8 20.Qe2 Bf6 21.
Be3 d5 22.b3 h6 23.Qd2 Ra3 24.Rab1 Rca8 25.Rb2 Qa6 26.Ra1 Bd8 27.g3 Ba5 
28.Qc1 Bb4 29.Bd2 Bd6 30.Qf1 Qb6 31.Be3 Qa5 32.Qd3 Bb4 33.Re2 Qa6 34.Qd1 
Rc8 35.Bc1 Rxb3 36.Qxb3 Qxe2 37.Qxb4 Qd1+ 38.Kg2 Rxc1 39.Rxc1 Qxc1 40.a4 
Qc2 1/2-1/2

[Event "Africa-ch"]
[Site "Maputo MOZ"]
[Date "2011.06.06"]
[Round "3"]
[White "Haddouche, Mohamed"]
[Black "Makoto, Rodwell"]
[Result "1-0"]
[WhiteElo "2398"]
[BlackElo "2157"]
[EventDate "2011.06.04"]
[PlyCount "125"]

1.e4 e5 2.Bc4 Nf6 3.d3 Nc6 4.Nf3 Bc5 5.c3 d6 6.Bb3 a6 7.O-O O-O 8.Nbd2 Ba7
9.h3 h6 10.Re1 Re8 11.Nf1 Be6 12.N3h2 d5 13.Qf3 dxe4 14.dxe4 Bxb3 15.axb3 
Nh7 16.Ng3 Qf6 17.Nf5 Ng5 18.Qg3 Nxe4 19.Nxh6+ Qxh6 20.Rxe4 Qe6 21.Rg4 g6 
22.Be3 Ne7 23.Bxa7 Nf5 24.Qd3 e4 25.Qd2 Rxa7 26.Re1 Raa8 27.Qf4 Qe5 28.
Rxe4 Qxf4 29.Rgxf4 Nd6 30.Rxe8+ Rxe8 31.Kf1 Ne4 32.Nf3 a5 33.g4 Re7 34.h4 
b6 35.b4 axb4 36.cxb4 c5 37.bxc5 bxc5 38.g5 Kg7 39.Kg2 f6 40.gxf6+ Nxf6 
41.Ng5 Nh7 42.Re4 Rb7 43.Ne6+ Kf6 44.Nxc5 Rxb2 45.Ra4 Rc2 46.Ne4+ Ke5 47.
Kf3 Rc7 48.Ra6 Rb7 49.Ra5+ Kd4 50.Ng5 Nf8 51.Kf4 Rb6 52.Nf3+ Kd3 53.Ne5+ 
Kd4 54.Nf3+ Kd3 55.Re5 Rf6+ 56.Kg4 Ne6 57.Ng5 Ng7 58.Re7 Nh5 59.f3 Rf4+ 
60.Kh3 Nf6 61.Rg7 Nh5 62.Rxg6 Rd4 63.Ne6 1-0

[Event "Africa-ch"]
[Site "Maputo MOZ"]
[Date "2011.06.06"]
[Round "3"]
[White "Moyo, Dion"]
[Black "Alice Mateus, Felizardo Viageiro"]
[Result "1/2-1/2"]
[WhiteElo "2109"]
[BlackElo "2190"]
[EventDate "2011.06.04"]
[PlyCount "45"]

1.e4 c5 2.Nf3 d6 3.d4 cxd4 4.Nxd4 Nf6 5.Nc3 a6 6.Bg5 Nc6 7.Nb3 e6 8.Be2 
Be7 9.O-O O-O 10.Be3 b5 11.a3 Bb7 12.f4 Qc7 13.g4 d5 14.exd5 Rfd8 15.Bf3 
b4 16.Na4 Nxd5 17.Qe2 Nxe3 18.Qxe3 bxa3 19.bxa3 Na7 20.Bxb7 Qxb7 21.Nac5 
Qc6 22.Rad1 Rdc8 23.f5 1/2-1/2

[Event "Africa-ch"]
[Site "Maputo MOZ"]
[Date "2011.06.06"]
[Round "3"]
[White "Mucongoma Macone, Miguel"]
[Black "Aderito, Pedro"]
[Result "0-1"]
[WhiteElo "2240"]
[BlackElo "2339"]
[EventDate "2011.06.04"]
[PlyCount "38"]

1.Nf3 Nf6 2.c4 e6 3.g3 b6 4.Bg2 Bb7 5.O-O Be7 6.d4 O-O 7.Nc3 Ne4 8.Qc2 
Nxc3 9.Qxc3 f5 10.Rd1 Bf6 11.Qb3 a5 12.d5 Qe8 13.dxe6 dxe6 14.Bg5 Bxg5 15.
Nxg5 Bxg2 16.Kxg2 Na6 17.a3 Nc5 18.Qe3 a4 19.Nf3 Qc6 0-1

[Event "Africa-ch"]
[Site "Maputo MOZ"]
[Date "2011.06.06"]
[Round "3"]
[White "Solomon, Kenny"]
[Black "El-Gindy, Essam"]
[Result "0-1"]
[WhiteElo "2433"]
[BlackElo "2506"]
[EventDate "2011.06.04"]
[PlyCount "120"]

1.Nf3 d5 2.d4 Nf6 3.c4 e6 4.g3 Be7 5.Bg2 O-O 6.O-O dxc4 7.Qa4 a6 8.Qxc4 b5
9.Qc2 Bb7 10.Bd2 Nc6 11.Be3 Nd5 12.Bc1 Ncb4 13.Qd1 c5 14.a3 Nc6 15.dxc5 
Bxc5 16.Qc2 Nd4 17.Qd3 Nf4 18.Bxf4 Nxf3+ 19.Kh1 Qxd3 20.exd3 Rad8 21.Nd2 
Nxd2 22.Bxd2 Bxg2+ 23.Kxg2 Rxd3 24.Bc3 h5 25.Rfc1 Be7 26.Rd1 Rxd1 27.Rxd1 
Rd8 28.Re1 Rd3 29.Rc1 Rd5 30.Kf1 Kh7 31.Ke2 Kg6 32.Rc2 h4 33.Rc1 h3 34.Rc2
e5 35.Rc1 Kf5 36.Rg1 Ke6 37.Rc1 g6 38.Rd1 Rd8 39.Rc1 Rc8 40.Ra1 f5 41.Kd2 
Rd8+ 42.Ke2 g5 43.f3 g4 44.fxg4 fxg4 45.Ba5 Rc8 46.Kd3 Kd5 47.Rd1 Bg5 48.
Bc3 Rf8 49.Ke2+ Ke6 50.a4 Be7 51.axb5 axb5 52.Ra1 Bc5 53.Ra6+ Kd5 54.Be1 
Rf3 55.b4 Bd4 56.Rg6 Re3+ 57.Kf1 Re4 58.Rg8 Kc4 59.Ra8 Re3 60.Ra2 Bc3 0-1